000 02834cam a22006134i 4500
003 PE-LiUPU
005 20250731180153.0
008 150706s1990 sp a rb 000 0 spa d
020 _a9788429150032
035 _a(Sirsi) i9788429150032
040 _aPE-LiUPU
_bspa
_cPE-LiUPU
_erda
049 _aPRUA
082 0 4 _a515.3
_bA76
_221
082 0 4 _a515.3
_bA62 T2
100 1 _aApostol, Tom M.,
_eautor.
245 1 0 _aCalculus II :
_bcálculo con funciones de varias variables y álgebra lineal, con aplicaciones para ecuaciones diferenciales y probabilidad /
_cTom M. Apostol.
264 1 _aEspaña :
_bReverté,
_c[1990].
300 _a813 páginas :
_bilustraciones ;
_c22 centímetros.
336 _atext
_2rdacontent
337 _aunmediated
_2rdamedia
338 _avolume
_2rdacarrier
500 _aReimpresión 2011.
505 0 _aAnálisis lineal -- Espacios lineales -- Transformaciones lineales y matrices -- Determinantes -- Autovalores y autovectores -- Autovalores de operaciones en espacios euclídeos -- Ecuaciones diferenciales lineales -- Sistemas de ecuaciones diferenciales -- Análisis no lineal -- Cálculo diferencial en campos escalares y vectoriales -- Aplicaciones de cálculo diferencial -- Integrales de línea -- Integrales múltiples -- Integrales de superficie -- Temas especiales -- Funciones de conjunto y probabilidad elemental -- Introducción al análisis numérico.
526 _aSEG44
526 _aSEG26
526 _aP159
526 _aP155
526 _aP154
526 _aP153
526 _aP150
526 _aP100
526 _aP31
526 _aP30
526 _aP26
526 _aP25
526 _aP24
526 _aP22
526 _aP15
526 _aP10
541 _g015-0016191;
650 0 4 _aCálculo.
650 0 4 _aÁlgebra lineal.
700 1 _aEscardó, Enrique Linés,
_erev.
910 _agl
_clch
_d20131203
910 _btqv
_cwelc
_d20161114
942 _2ddc
_cBOOK
949 _a515.3 A76 1
_wDEWEY
_c1
_i69130
_lCCODEBUL1
_mBUL
_p70.00
_r0
_sY
_tBOOK
_u2015-7-6
_xINGENIERIA
_PP24
_o.STAFF. Colección General
949 _a515.3 A62 T2
_wDEWEY
_c1
_iFJ04086
_lCCODEBUJ1
_mBUJ
_p18.00
_r0
_sY
_tBOOK
_u2016-11-14
_xINGENIERIA
_PP27
_0COMPRA
_o.STAFF. Colección General Juliaca
994 _aC0
_bPEPRU
596 _a1 3
999 _a515.3 A76 1
_wDEWEY
_c55989
_i69130
_d55989
_e2017-6-4
_f2021-11-9
_g7
_lCCODEBUL1
_mBUL
_n7
_p70.00
_q2
_r0
_sY
_tBOOK
_u2015-7-6
_xINGENIERIA
_PP24
_0COMPRA
_o.STAFF. Colección General
999 _a515.3 A62 T2
_wDEWEY
_c1
_iFJ04086
_d2019-5-16
_e2019-5-14
_f2022-1-19
_g4
_lCCODEBUJ1
_mBUJ
_n1
_p18.00
_q2
_r0
_sY
_tBOOK
_u2016-11-14
_xINGENIERIA
_PP27
_0COMPRA
_o.STAFF. Colección General Juliaca
980 _81
_gALBERTO SANCHEZ Responsable de Automatización